LIBRARY & INFORMATION CENTRE, KCAET, TAVANUR

ONLINE PUBLIC ACCESS CATALOGUE (OPAC)

Agricultural marketing management (Record no. 13692)

MARC details
000 -LEADER
fixed length control field 00321nam a22001337a 4500
020 ## - INTERNATIONAL STANDARD BOOK NUMBER
ISBN 9788189729295
020 ## - INTERNATIONAL STANDARD BOOK NUMBER
ISBN 9788189729292
082 ## - DEWEY DECIMAL CLASSIFICATION NUMBER
Classification number 630.3
Item number SHA/AG
245 ## - TITLE STATEMENT
Title Agricultural marketing management
260 ## - PUBLICATION, DISTRIBUTION, ETC. (IMPRINT)
Place of publication New Delhi
Name of publisher Gene-Tech Books
Year of publication 2012
300 ## - PHYSICAL DESCRIPTION
Number of Pages 262
700 ## - ADDED ENTRY--PERSONAL NAME
Personal name Sharma, Premjith
942 ## - ADDED ENTRY ELEMENTS (KOHA)
Koha item type Books
Holdings
Withdrawn status Lost status Damaged status Collection code Home library Current library Shelving location Date acquired Source of acquisition Cost, normal purchase price Full call number Accession Number Koha item type
      Non-fiction KAUAET KAUAET General Stacks 31/03/2012 Universal Research Books, Thrissur 895.00 630.3 SHA/AG 23339 Books
        KAUAET KAUAET General Stacks 13/06/2016 Universal Research Books, Thrissur 850.00 630.3 SHA/AG 24271 Books
free website counter